| 000 | 01504nas a2200277Ia 4500 | ||
|---|---|---|---|
| 001 | R911-R9607 | ||
| 003 | IT-CnALBA | ||
| 008 | 170116c99999999xx |||||||||||| ||und|| | ||
| 040 |
_aIT-CnALBA _cIT-CnALBA |
||
| 041 | _aITALIANO | ||
| 100 | _aCEVA LUCIO | ||
| 210 | _aSTORIA ILLUSTRATA | ||
| 222 | _aSTORIA ILLUSTRATA | ||
| 245 | 0 | _aSTORIA ILLUSTRATA OTTOBRE 1977. NUMERO SPECIALE CAPORETTO. | |
| 250 | _a1a ed. | ||
| 260 |
_aMILANO - VERONA _bMONDADORI ARNOLDO. EDIT. _c1977 [1° Ed.:1977 - Ed.Ling.Originale: 1977] |
||
| 300 | _a130 p. | ||
| 310 | _aMENSILE | ||
| 362 | _aFascicolo: 239 / (1977) | ||
| 500 | _aI PERCHÈ DI CAPORETTO. BATTAGLI SULL'ISONZO. CAOS NEI COMANDI. I TRE GENERALI RESPONSABILI DEL DISASTRO. IL GENERALE CADORNA. BATTAGLIA SUL PIAVE. LOTTA IN PARLAMENTO. MODELLISMO. AERONAUTICA. NUMISMATICA. CRUCIVERBA STORICO. ARMI LEGGERE. ORIGINE DEI NOMI. MONELLI P. CANCOGNI N. SILVESTRI M. CERVI M. BOCCA G. GEROSA G. BRIGNOLI N. | ||
| 501 | _aSocietà San Paolo EM - Piazza San Paolo, 14 - 12051 ALBA (CN) (non commercial uses only) ® Copyright 2017 | ||
| 520 | _aI PERCHÈ DI CAPORETTO. BATTAGLI SULL'ISONZO. CAOS NEI COMANDI. I TRE GENERALI RESPONSABILI DEL DISASTRO. IL GENERALE CADORNA. BATTAGLIA SUL PIAVE. LOTTA IN PARLAMENTO. MODELLISMO. AERONAUTICA. NUMISMATICA. CRUCIVERBA STORICO. ARMI LEGGERE. ORIGINE DEI NOMI. MONELLI P. CANCOGNI N. SILVESTRI M. CERVI M. BOCCA G. GEROSA G. BRIGNOLI N. | ||
| 650 | _aSTORIA UNIVERSALE | ||
| 942 | _cCR | ||
| 957 | _71 | ||
| 999 |
_a61174 _bNO _g1 _c328200 _d328200 |
||